000 00375cam a2200169ua 4500
020 _c20.00
041 _ahin
_h
082 _a891.54
_bMAH/YA
100 _aMahadevi, .
245 _aYama /
_cMahadevi.
_hTextual Documents
260 _a :
_bBharati-Bhandar ,
_c1957.
300 _a262 ; .
365 _a20.00
504 _a
942 _cBK
999 _c8184
_d8184